Statistics for TV Show Pilots Quiz

Click here to take the quiz!

General Stats

  • This quiz has been taken 22 times
  • The average score is 5 of 17

Answer Stats

HintAnswer% Correct
Winter is ComingGame of Thrones
86%
Cartman Gets an Anal ProbeSouth Park
73%
Tape 1: Side A13 Reasons Why
59%
Chapter One: The Vanishing of Will ByersStranger Things
50%
iPilotiCarly
41%
A Study in PinkSherlock
41%
Wolf MoonTeen Wolf
27%
RoseDoctor Who
18%
Space Pilot 3000Futurama
14%
I Wasn't ReadyOrange is the New Black
14%
Days Gone ByeThe Walking Dead
14%
Death has a ShadowFamily Guy
9%
The Man TrapStar Trek: The Original Series
9%
The Train JobFirefly
5%
The PowerRegular Show
0%
Help WantedSpongebob Squarepants
0%
Where Paradise is HomeWayward Pines
0%

Score Distribution

Percentile by Number Answered

Percent of People with Each Score

Your Score History

You have not taken this quiz